| 000 | 00371nam a2200133Ia 4500 | ||
|---|---|---|---|
| 008 | 240624s9999 xx 000 0 und d | ||
| 041 | _aeng | ||
| 082 | _a373.246 NAT | ||
| 100 | _aNATARAJAN R | ||
| 245 | _aTECHNICAL EDUCATION CURRENT STATUS AND FUTURE DIRECTIONS I | ||
| 260 |
_c2005 _aHyderabad _bICFAI press |
||
| 300 | _axxviii, : 229 : p. : cm. ; 24 | ||
| 365 |
_cRS _b50 |
||
| 999 |
_c6710 _d6710 |
||